000 00855nam a2200217 u 4500
001 000337601
003 AM-YeHGA
005 20250618072116.0
008 040210s1973 ai r 000 0 arm d
040 _aAM-YeHGA
041 0 _aarm
080 _a615.1
090 _aԵ-47
100 1 _aԵնգիբարյան, Ազատ Ադիբեկի,
_d1942-
_99527
245 1 0 _aԲժշկագենետիկական մի քանի հարցերի մասին /
_cԱ.Ա. Ենգիբարյան; ՀՍՍՀ Առողջապահ. մինիստր. հանրապետ. Սանլուստուն.
260 _aԵրևան :
_bՀայաստան,
_c1973.
300 _a24 էջ ;
_c20 սմ.
650 1 4 _aԱռողջապահություն
_95263
710 2 _aԱռողջապահության մինիստրության հանրապետական Սանլուստուն ՀՍՍՀ
090 _c128829
999 _c127466
_d127466